| Tag |
First Indicator |
Second Indicator |
Subfields |
| LEADER |
00000cam a2200000 a 4500 |
| 001 |
in00000080785 |
| 005 |
20151008054059.0 |
| 008 |
750822s1957 nyua b 10010 engm |
| 010 |
|
|
|a 57013325
|
| 035 |
|
|
|a (OCoLC)01562681
|
| 035 |
|
|
|9 AAH9566AM
|
| 040 |
|
|
|a DLC
|c FBA
|d OCL
|d m.c.
|d TXA
|d UtOrBLW
|
| 049 |
|
|
|a TXAM
|c 1 [306295], 2 [291961]
|
| 050 |
0 |
0 |
|a QC921.5
|b .C5 1955
|
| 082 |
0 |
|
|a 551.57
|
| 111 |
2 |
|
|a Conference on the Physics of Cloud and Precipitation Particles
|n (1st :
|d 1955 :
|c Woods Hole, Mass.)
|
| 245 |
1 |
0 |
|a Artificial stimulation of rain /
|c proceedings of the First Conference on the Physics of Cloud and Precipitation Particals /
|c [edited by Helmut Weickmann and Waldo Smith].
|
| 264 |
|
1 |
|a New York :
|b Pergamon Press, Symposium Publications Division,
|c 1957.
|
| 300 |
|
|
|a xvi, 427 pages :
|b illustrations ;
|c 26 cm.
|
| 336 |
|
|
|a text
|b txt
|2 rdacontent
|
| 337 |
|
|
|a unmediated
|b n
|2 rdamedia
|
| 338 |
|
|
|a volume
|b nc
|2 rdacarrier
|
| 504 |
|
|
|a Includes bibliographies.
|
| 650 |
|
0 |
|a Cloud physics
|v Congresses.
|
| 650 |
|
0 |
|a Weather control
|v Congresses.
|
| 700 |
1 |
|
|a Weickmann, Helmut K.
|
| 700 |
1 |
|
|a Smith, Waldo,
|d 1900-
|
| 999 |
|
|
|a MARS
|
| 999 |
f |
f |
|s d0cbf6cb-314a-3ce2-9716-08b6cea5a32e
|i 2bb535d8-90f4-34ae-a0bd-31a8b68b59ea
|t 0
|
| 952 |
f |
f |
|p ric
|a Texas A&M University
|b Rellis Campus
|c Joint Library Facility
|s JLF
|d Remote Storage
|t 0
|e QC921.5 .C5 1955
|h Library of Congress classification
|i unmediated -- volume
|m A14806210024
|
| 998 |
f |
f |
|a QC921.5 .C5 1955
|t 0
|l Remote Storage
|